Thiết kế một số hoạt động có tích hợp GDDS vào chương trình sinh học 11 nâng cao trường THPT Tam Nông Khóa luận tốt nghiệp : Ngành: Sư phạm Sinh học .Trình độ : Đại học

সংরক্ষণ করুন:
গ্রন্থ-পঞ্জীর বিবরন
প্রধান লেখক: Mai, Thị Trúc Phương
অন্যান্য লেখক: Lê, Hữu Bình
বিন্যাস: গবেষণাপত্র সজ্জা গ্রন্থ
ভাষা:Vietnamese
প্রকাশিত: Đồng Tháp Trường Đại học Đồng Tháp 2013
বিষয়গুলি:
ট্যাগগুলো: ট্যাগ যুক্ত করুন
কোনো ট্যাগ নেই, প্রথমজন হিসাবে ট্যাগ করুন!
Thư viện lưu trữ: Trung tâm Học liệu Lê Vũ Hùng, Trường Đại học Đồng Tháp
LEADER 01465ppm a22003858a 4500
001 00031793
005 20171026081025.0
008 140218s2013 ||||||viesd
041 0 # |a vie 
082 1 4 |a 571.8  |b TH308K 
100 0 # |a Mai, Thị Trúc Phương 
245 1 0 |a Thiết kế một số hoạt động có tích hợp GDDS vào chương trình sinh học 11 nâng cao trường THPT Tam Nông  |b Khóa luận tốt nghiệp : Ngành: Sư phạm Sinh học .Trình độ : Đại học  |c Mai Thị Trúc Phương; Lê Hữu Bình (hướng dẫn) 
260 # # |a Đồng Tháp  |b Trường Đại học Đồng Tháp  |c 2013 
300 # # |a 69 tr. + phụ lục  |c 30 cm.  |e 1 bản tóm tắt  |b minh họa 
500 # # |a ĐTTS ghi: Bộ Giáo dục và Đào tạo. Trường Đại học Đồng Tháp. Khoa Sinh học 
653 # # |a Dạy học 
653 # # |a Hoạt động 
653 # # |a Trung học phổ thông 
653 # # |a Thiết kế 
653 # # |a Tam Nông 
653 # # |a Sinh sản 
653 # # |a Sinh học 
653 # # |a Sinh học 11 
700 1 # |a Lê, Hữu Bình  |e hướng dẫn 
852 # # |b Kho đọc  |j KD.0015387 
852 # # |j KD.0015387 
910 0 # |d 28/02/2014 
980 # # |a Trung tâm Học liệu Lê Vũ Hùng, Trường Đại học Đồng Tháp